• 首页
  • 本馆介绍
  • 公告通知
  • 最新文献
  • 馆藏检索
  • 电子资源
  • 读者荐购
  • 参考咨询
  • CALIS
  • 我的图书馆
  • 登录
  • 详细信息显示
  • 放入我的书架
  • 预约/预借图书
  • 作者相关作品
  • 分类相关作品
  • 丛书相关作品
  • 出版社相关作品

书目信息

  • 表格格式
  • 工作单格式
  • 卡片格式
题名:
毛泽东与周世钊
    
 
作者: 周彦瑜 , 吴美潮 编著
分册:  
出版信息: 长春   吉林人民出版社  1998.10
页数: 259页
开本: 32开
丛书名:
单 册:
中图分类: A752
科图分类:
主题词: 毛泽东--生平事迹 , 毛泽东--传记
电子资源:
ISBN: 7-206-01718-5
 
 
 
 
 
000 00633nam0 2200217 45
001 0102121097
005 20010212104714.3
010    @a7-206-01718-5@d12.00元
100    @a20010212d1998 km y0chiy0120 ea
101 0  @achi
105    @a z 000yy
200 1  @a毛泽东与周世钊@AMao Ze Dong Yu Zhou Shi Zhao@f周彦瑜,吴美潮编著@FZhou Yan Yu,Wu Mei Chao Bian Zhu
210    @a长春@c吉林人民出版社@d1998.10
215    @a259页@d32开
606 0  @a毛泽东@x生平事迹
606 0  @a毛泽东@x传记
690    @aA752@v3
701  0 @a周彦瑜@4编著
701  0 @a吴美潮@4编著
801    @aCN@bPftUser@c20010212
905    @b320751-755@dA752@eZH929@f5
    
    毛泽东与周世钊/周彦瑜,吴美潮编著.-长春:吉林人民出版社,1998.10
    259页;32开
    
    
    ISBN 7-206-01718-5:12.00元
    
●
相关链接 在E读中查询图书 在当当中查询图书 在豆瓣中查询图书


正题名:毛泽东与周世钊     索取号:A752/ZH929         预约/预借

序号 登录号 条形码 馆藏地/架位号 状态 备注
1 320751   203207519   社科库509/509社科库 3排2列3层/ [索取号:A752/ZH929] 在馆    
2 320752   203207528   社科库509/509社科库 3排2列3层/ [索取号:A752/ZH929] 在馆    
3 320753   203207537   社科库509/509社科库 3排2列3层/ [索取号:A752/ZH929] 在馆    
4 320754   203207546   社科库509/509社科库 3排2列3层/ [索取号:A752/ZH929] 在馆    
5 320755   203207555   社科库509/509社科库 3排2列3层/ [索取号:A752/ZH929] 在馆    
河南城建学院图书馆 欢迎您!
大连网信软件有限公司© 版权所有